000 01433nam a22003857a 4500
001 12453841
003 OSt
005 20210426063841.0
008 010627s2001 dcuabf b 001 0 eng
010 _a 2001003906
020 _a1559637994 (alk. paper)
040 _aDLC
_cDLC
_dDLC
_beng
041 _aeng
042 _apcc
043 _aa-br---
050 0 0 _aQL84.5.B93
_bR33 2001
080 _a577.4
_bR-11
082 0 0 _a333.95/416/09591
_aB
_221
100 1 _aRabinowitz, Alan,
_d1953-2018.
245 1 0 _aBeyond the last village :
_ba journey of discovery in Asia's forbidden wilderness /
_c/ by: Island Press/Shearwater Books
260 _aWashington, DC
_bIsland Press/Shearwater Books
_cc2001.
300 _axvi, 300 p., [16] p. of plates
_bicol. ill., maps
_c24 cm.
365 _b17.50 usd
504 _aIncludes bibliographical references (p. 283-289) and index.
600 1 0 _aRabinowitz, Alan,
_d1953-2018
_xTravel
_zBurma.
650 0 _aWildlife conservation
_zBurma.
650 0 _aEcology
_9690
650 0 _aAnimals
_zBurma.
651 0 _aBurma
_xDescription and travel.
653 _aეკოლოგია
856 4 2 _3Publisher description
_uhttp://www.loc.gov/catdir/enhancements/fy0666/2001003906-d.html
906 _a7
_bcbc
_corignew
_d1
_eecip
_f20
_gy-gencatlg
942 _2udc
_cBK
999 _c1462
_d1462